| 000 | 00812 a2200241 4500 | ||
|---|---|---|---|
| 999 |
_c200043733 _d16401 |
||
| 001 | 200043733 | ||
| 003 | TR-AnTOB | ||
| 005 | 20191015114329.0 | ||
| 008 | 160701s2010 tu 000 0 | ||
| 040 |
_aTR-AnTOB _cTR-AnTOB |
||
| 041 | _aeng | ||
| 050 |
_aNA2728 _b.D45 2010 |
||
| 090 | _aNA2728 .D45 2010 | ||
| 100 |
_aDe Jongh, Robin _979238 |
||
| 245 | 1 | 0 |
_aSketchUp 7.1 for architectural visualization create stunning photo-realistic and artistic visuals of your SketchUp models : _bbeginner's guide / _cRobin. De Jongh. |
| 264 | 1 |
_aBirmingham, U.K.: _bPackt Pub., _c2010 |
|
| 300 |
_ax, 384 p. : _bcol. ill. _c23 cm |
||
| 504 | _aIncludes bibliographical references and index. | ||
| 630 | 0 | 0 |
_aSketchUp _979239 |
| 650 | 0 |
_aArchitectural rendering _xComputer-aided design _979240 |
|
| 942 |
_cBK _2lcc |
||